000 00950nam a22002657a 4500
001 3865
003 FISKH
005 20240520093226.0
008 240520b cb ||||| |||| 00| 0 eng d
020 _a9781338171426
040 _aFISKH
_beng
_cFISKH
_dFISKH
050 _aT174.A56
082 _a620.5
100 _aAmstutz, Lisa J.
_eauthor
245 _aDiscover Nanotechnology /
_cby Lisa J. Amstutz
300 _a40 pages :
_bcolor illustrations ;
_c24 cm .
490 _aWhat's Cold About Science ?
505 _aR
520 _a"Have you ever wondered what would happen if scientists could change or control atoms, the smallest building blocks of the universe? Examine the science of nanotechnology with simple language and striking visuals that reinforce understanding."--
521 8 _a770
_bLexile
521 8 _aR
_bRaz-Plus
650 _ananotechnology
_vnon-fiction
942 _2ddc
_cBK
_n0
999 _c3865
_d3865